| 000 | 01649nam0a2200301 4500 | ||
|---|---|---|---|
| 001 | RU\NLR\bibl\958224 | ||
| 005 | 20260408200952.0 | ||
| 035 | _a(NLR Aleph) 000946279 | ||
| 090 |
_a251384 _c251384 |
||
| 100 | _a20060609d2004 |||y0rusy50 ca | ||
| 101 | 0 | _arus | |
| 102 | _aRU | ||
| 105 | _aa ||||||||| | ||
| 200 | 1 |
_aГероическая оборона Петропавловск-Камчатского в 1854 г. _eрекомендательный укзатель литературы _fКамч. обл. науч. б-ка им. С.П. Крашенинникова, Информ.-библиогр. отд. _g[сост. Н.И. Курохтина и др.] |
|
| 210 |
_aПетропавловск-Камчатский _cИнформ.-изд. отд. Камчатской областной научной библиотеки _d2004 |
||
| 215 |
_a46 с. _cил., цв. ил., портр. _d20 |
||
| 320 | _aИмен. указ.: с. 29 | ||
| 606 |
_aПетропавловская оборона _z1854 _jБиблиография рекомендательная _3RU\NLR\auth\661453035 _92442693 |
||
| 686 | _aЦ35(2)472.15я15 | ||
| 686 | _aТ3(2)472-684.15я15 | ||
| 702 | 1 |
_aКурохтина _bН. И. _gНадежда Ивановна _4220 |
|
| 712 | 0 | 2 |
_4570 _aКамчатская областная научная библиотека им. С. П. Крашенинникова _cПетропавловск-Камчатский _3RU\NLR\AUTH\889964502 _9425238 |
| 801 | 0 |
_aRU _bNLR _c20060609 _grcr |
|
| 801 | 1 |
_aRU _bNLR _c20060609 |
|
| 830 | _aсост. по базе | ||
| 942 | _cBOOK | ||
| 980 | _aNB | ||